000 00920cam a2200253 a 4500
001 000002810
005 20200929150249.0
008 780131r1976 sp 000 0dspa
020 _a8440021348
020 _a844002133X
040 _aDO-SdBNP
_bspa
_cBNPHU
082 _a923.41945
_bV285c
240 0 3 _aIl Caso Sacco e Vanzetti (Lettere ai familiari).
_lEspañol
245 0 0 _aVanzetti :
_bcartas desde la prisión /
_ccompilación Cesare Pillón y Vicenzina Vanzetti ; traductor, Oscar Muslera.
260 _aBarcelona :
_bGedisa,
_c1976.
300 _a223 p. ;
_c20 cm.
490 1 _aLibertad y Cambio
534 _aTítulo original:
_tIl Caso Sacco e Vanzetti (Lettere ai familiari)
600 1 4 _aVANZETTI, BARTOLOMEO,
_d1888-1927
_98879
650 4 _aCartas
_xColecciones
_98880
700 1 _aPillón, Cesare,
_ecomp.
_98881
700 1 _aVanzetti, Vincenzina,
_ecomp.
_98882
700 1 _aMuslera, Oscar,
_etr.
_98883
999 _c2644
_d2644